MDQL
is popping MORE tags! Check the
thread
!
Quizzes
Events
Quiz Creation
Community
Videos
Private Events
Remove Ads
Sign In
Join for FREE
Feedback
Dark Mode
Quiz Categories
Sports
Geography
Music
Movies
Television
Just For Fun
Miscellaneous
History
Literature
Language
Science
Gaming
Entertainment
Religion
Holiday
For Kids
Quiz Lab
Recent
Popular Today
Quiz Kudos Today
Editor Picks
Curator Picks
Quizzes by...
Day
Popularity
Type
Ratings
Length
Year
Community
Subscriptions
Recent Discussions
Orange Saloon
Badges
Playlists
Quests
Create
Leaderboards
Showdown
Live 5
Trivia Bingo
Activity
Puzzle Library
Sporcle Events
Private Events
Virtual Trivia
Globe League
Become a Host
Pub Owners
SporcleCon
Opinionation
Our Games
Videos
Blog
Mobile Apps
Partnerships
Remove Ads and Go Orange
Feedback
Geography
Country
Landmarks
City
State
Population
World
Capital
Continent
Flags
Europe
Africa
Asia
South America
North America
Oceania
Border
Canada
United Kingdom
Topography
United States
Geography
Country
Landmarks
City
State
Population
World
Capital
Continent
Flags
Europe
Africa
Asia
South America
North America
Oceania
Border
Canada
United Kingdom
Topography
United States
Random Quiz
Search Sporcle
×
Quiz Lab
Quiz Lab
Geography
Country
Click on answers out of a set of options
Click on answers out of a set of options
Multiple Choice
Best Score? Go Orange.
Saint Islands' Flags II Stats
Can you pick the correct official or local flag used on the 'Saint' island?
By
Pidizvik
3m
15 Questions
87 Plays
87 Plays
87 Plays
Comments
Comments
Give Quiz Kudos
Give Quiz Kudos
-
- Ratings
hide this ad
Random Order
Randomize order of answers
Randomize order of answers
Replay
Link that replays current quiz
Next Quiz
Link to next quiz in quiz playlist
You Got
0%
They Got
Avg Score
38%
Avg Friend Score
Upgrade to see
Score Distribution
Jump to the score distribution portion of the page
Score
0/15
Timer
03:00
0
Plays Today
Question
Answer
Wrong Answers
Saint Paul (Pacific Ocean)
58.6%
10.3%
6.9%
12.6%
St. George (Pacific Ocean)
57.5%
14.9%
4.6%
11.5%
Saint Paul (North Atlantic Ocean)
49.4%
14.9%
11.5%
11.5%
St. Matthew (Pacific Ocean)
46%
10.3%
12.6%
17.2%
Saint Eustratius (Mediterranean)
43.7%
5.7%
29.9%
10.3%
St. Michael (Pacific Ocean)
43.7%
12.6%
9.2%
23%
St. Vincent (Gulf of Mexico)
39.1%
20.7%
20.7%
6.9%
St. George's Island (North Atlantic Ocean)
37.9%
12.6%
25.3%
13.8%
Île Sainte-Marguerite
35.6%
25.3%
9.2%
17.2%
St. David's Island (North Atlantic Ocean)
34.5%
5.7%
32.2%
11.5%
Saint Anastasia
29.9%
34.5%
13.8%
8%
St. Helena (North Atlantic Ocean)
28.7%
9.2%
34.5%
11.5%
St. Simons (North Atlantic Ocean)
27.6%
17.2%
20.7%
21.8%
Île Saint-Honorat
26.4%
17.2%
12.6%
27.6%
St. Martin's Island (Indian Ocean)
20.7%
5.7%
44.8%
17.2%
Quiz Playlist
Details
Report
Send in Message
Add To Playlist
Multiple Choice:
Click on answers out of a set of options
Random Order:
Randomize order of answers
Last Updated: May 18, 2020
Quiz Scoreboard
CHALLENGE
Sign Up to Join the Scoreboard
Show All
Scores
Hide
Comments
May contain spoilers
Recently Published
Colored Red Africa Blitz
by spor1
Geography
30s
Find the 'City' Movie
by crazypaving
Movies
60s
5x2 Blitz: Bands
by SL_Kpop136
Music
30s
More to Explore
Quiz From the Vault
Featured Blog Post
14 Easter Pick-up Lines to Find Eggs With
hide this ad
You Might Also Like...
Tags
Country Quiz
Flags Quiz
caribbean
Dependent Countries
Dependent Territories
island
ocean
regional
sea
Territory
Today's Top Quizzes in Geography
Browse Geography
hide this ad
Today's Top Quizzes in Country
Browse Country
Top Contributed Quizzes in Geography
1
Colored Red Europe Blitz I
2
Countries of the World - No Outlines Minefield
3
Colored Red Africa Blitz II
4
Colored Red Europe Blitz II
5
Colored Red Europe Blitz III
6
Colored Red Africa Blitz III
7
Colored Red States Blitz I
8
A Different View: World Oceans
9
Colored Red States Blitz II
10
Lietuvos savivaldybės (Lithuanian Municipalities)
Explore More
Trending Topics
Crossword
Anime
Harry Potter
Kpop
Disney
NBA
Marvel
The Office
WWE
Puzzle
Song
Pokémon
Soccer
NFL
Country
hide this ad
More By:
Pidizvik
Quiz
Plays
Rating
Category
Featured
Created
Get the Picture: Luxembourg or the Netherlands
4,711
4.65
Just For Fun
Jul 15, 2020
Flags of Malaysia
2,604
3.50
Geography
Mar 8, 2020
Flags on the US islands
1,345
4.73
Geography
Jan 28, 2020
Where in Antarctica?
1,086
4.60
Geography
Mar 22, 2021
Country names in Slovene
694
4.90
Geography
Mar 29, 2020
Go to Creator's Profile
Score Distribution
Quiz Creator Spotlight
Pidizvik
Follow
Send a Message
Quizzes Created
-
Created Quiz Play Count
-
More By This Creator
Popular Quizzes Today
1
Colored Red Africa Blitz
2
Find the US States - No Outlines Minefield
3
Find the 'City' Movie
4
5x2 Blitz: Bands
5
The Countries of the World
6
Find the US States
7
Find the Countries of Europe - No Outlines Minefield
8
US States
More Geography Quizzes
Missing Countries: Africa VIII
Quiz Lab
Trending Quizzes
Colored Red Europe Blitz I
Colored Red Europe Blitz II
Colored Red Africa Blitz II
Colored Red Europe Blitz III
Colored Red Africa Blitz III
Recently Updated
How Do You Spell That?
pecheneg
Godzilla Movies
pecheneg
Grab Bag: 4-10 Letters
pecheneg
2024 March Madness Bracket
pecheneg
Famous TV Couples
Peacemaker
Champions League XIs: Real Madrid
pecheneg
Largest US Cities 1790-2010
pecheneg
Rides in Walt Disney World
pecheneg
Most Oscar Losses (Acting)
pecheneg
Beyoncé Albums
pecheneg
Trending Topics
Marvel
Crossword
NBA
Disney
Kpop
Anime
Harry Potter
WWE
Song
The Office
Pokémon
Puzzle
Soccer
Country
NFL
Your Account Isn't Verified!
In order to create a playlist on Sporcle, you need to verify the email address you used during registration. Go to your
Sporcle Settings
to finish the process.
Report this User
Report this user for behavior that violates our
Community Guidelines
.
Details:
Send Report
Go to the Sporcle.com Mobile Site →
Comments